000 00455nam a2200193Ia 4500
005 20231117111616.0
008 131103s9999 xx 000 0 und d
020 _a080410753X
040 _aLoreto College
041 _aEnglish
082 _aF
_bTAN
100 _aTan, Amy
245 4 _aThe kitchen god's wife
_cAmy Tan
260 _aNew York
_bBallantine
_c1992
300 _a532p, 17.5 cm.
650 _aFiction
850 _aLCLIB
942 _cBK
999 _c2231
_d52710